[Event "Montigny le Bretonneux Noel op 17th"]
[Site "Montigny le Bretonneux"]
[Date "2016.12.27"]
[Round "1"]
[White "Etrog, Jonathan"]
[Black "Ider, Jargalan"]
[Result "1-0"]
[WhiteElo "2247"]
[BlackElo "1537"]
[PlyCount "123"]
[EventDate "2016.12.26"]
[EventType "swiss"]
[EventRounds "7"]
[EventCountry "FRA"]
[SourceTitle "CBM 176 Extra"]
[Source "ChessBase"]
[SourceDate "2017.03.02"]
[SourceVersion "1"]
[SourceVersionDate "2017.03.02"]
[SourceQuality "1"]

1. c4 e6 2. g3 d5 3. Bg2 Nf6 4. Nf3 Bd6 5. d4 c6 6. Nc3 Nbd7 7. 0-0 0-0 8. Nd2 h6 9. e4 dxe4 10. Ndxe4 Nxe4 11. Nxe4 Bc7 12. b3 e5 13. Ba3 Re8 14. Nd6 Bxd6 15. Bxd6 exd4 16. Qxd4 Nf6 17. Be5 Bf5 18. Qf4 Be6 19. Rad1 Qe7 20. Bd6 Nh5 21. Qe5 Qf6 22. Qxh5 Bf5 23. c5 Bg6 24. Qf3 Qb2 25. Rfe1 Qxa2 26. Qc3 Bc2 27. Rxe8+ Rxe8 28. Ra1 Qxb3 29. Qxb3 Bxb3 30. Bf3 Bc4 31. Kg2 a6 32. Rb1 Bb5 33. Bc7 f5 34. Rd1 Re7 35. Ba5 g5 36. Re1 Rxe1 37. Bxe1 Kf7 38. Bd1 Ke6 39. Bb3+ Kd7 40. Kf3 Bd3 41. Ke3 Be4 42. Kd4 Kc7 43. Ba5+ Kd7 44. Ke5 Ke7 45. Be6 f4 46. gxf4 gxf4 47. Kxe4 Kxe6 48. f3 Kf6 49. Kxf4 h5 50. h4 Kg6 51. Ke5 Kf7 52. f4 Ke7 53. f5 Kf7 54. f6 Kf8 55. Ke6 Ke8 56. f7+ Kf8 57. Bc7 Kg7 58. Be5+ Kf8 59. Bd6+ Kg7 60. f8Q+ Kg6 61. Qg8+ Kh6 62. Bf8# 1-0

[Event "Montigny le Bretonneux Noel op 17th"]
[Site "Montigny le Bretonneux"]
[Date "2016.12.27"]
[Round "2"]
[White "Ider, Jargalan"]
[Black "Sondermeijer, Antoine"]
[Result "1-0"]
[WhiteElo "1537"]
[BlackElo "1399"]
[PlyCount "115"]
[EventDate "2016.12.26"]
[EventType "swiss"]
[EventRounds "7"]
[EventCountry "FRA"]
[SourceTitle "CBM 176 Extra"]
[Source "ChessBase"]
[SourceDate "2017.03.02"]
[SourceVersion "1"]
[SourceVersionDate "2017.03.02"]
[SourceQuality "1"]

1. d4 Nf6 2. Nf3 c5 3. e3 cxd4 4. exd4 e6 5. Bd3 Nc6 6. c3 Be7 7. Bf4 d6 8. h3 0-0 9. 0-0 a6 10. Qe2 Bd7 11. Nbd2 Qc8 12. Ne4 Ne8 13. Neg5 Nf6 14. Ne4 Nxe4 15. Bxe4 f6 16. d5 Nd8 17. dxe6 Bxe6 18. Rad1 Qd7 19. Bd5 Kh8 20. Rfe1 Bxd5 21. Rxd5 Nc6 22. Nd4 Rfe8 23. Nf5 Bf8 24. Qd2 Rxe1+ 25. Qxe1 Ne5 26. Ng3 Re8 27. Qd1 g5 28. Bxe5 Rxe5 29. Qf3 Qe6 30. Rxe5 dxe5 31. Qxb7 Qxa2 32. Nh5 Qb1+ 33. Kh2 Qg6 34. Qc8 Qf7 35. Qd8 Qe7 36. Qb6 f5 37. Qxa6 Qd6 38. Qxd6 Bxd6 39. Kg1 h6 40. Ng3 f4 41. Ne4 Bc7 42. b4 Kg7 43. Kf1 Kf7 44. Ke2 Ke6 45. c4 Kf5 46. f3 h5 47. c5 g4 48. hxg4+ hxg4 49. b5 gxf3+ 50. gxf3 Ke6 51. Kd3 Kd5 52. b6 Bb8 53. Kc3 Kc6 54. Kc4 Kb7 55. Kb5 Kc8 56. Kc6 Bc7 57. Nd6+ Bxd6 58. cxd6 1-0